Tajikistan City Quiz - Statistics

General Stats
  • This quiz has been taken 27 times
  • The average score is 3 of 6
Answer Stats
City % Correct
Dushanbe
100%
Khujand
63%
Bokhtar
53%
Kulob
53%
Istaravshan
11%
Tursunzoda
5%
No matching quizzes found
Score Distribution
Percent of People with Each Score
Percentile by Number Answered
Your Score History
You have not taken this quiz